书目信息 |
| 题名: |
奇趣象棋排局谱
|
|
| 作者: | 李更 , 任云 著 | |
| 分册: | ||
| 出版信息: | 北京 中国青年出版社 1990.08 |
|
| 页数: | 192页 | |
| 开本: | 19cm | |
| 丛书名: | ||
| 单 册: | ||
| 中图分类: | G891.2 | |
| 科图分类: | ||
| 主题词: | 文娱性体育活动 | |
| 电子资源: | ||
| ISBN: | 7-5006-0710-5 | |
| 000 | 00571nam0 2200205 45 | |
| 001 | 0405091008 | |
| 005 | 20040509102550.2 | |
| 010 | @a7-5006-0710-5@dCNY3.00 | |
| 100 | @a20040509d1990 km y0chiy0120 ea | |
| 101 | 0 | @achi |
| 105 | @a z 000yy | |
| 200 | 1 | @a奇趣象棋排局谱@AQi Qu Xiang Qi Pai Ju Pu@f李更,任云著@FLi Geng,Ren Yun Zhu |
| 210 | @a北京@c中国青年出版社@d1990.08 | |
| 215 | @a192页@d19cm | |
| 606 | 0 | @a文娱性体育活动 |
| 690 | @aG891.2@v3 | |
| 701 | 0 | @a李更@4著 |
| 701 | 0 | @a任云@4著 |
| 801 | @aCN@bTSTCL@c20040509 | |
| 905 | @f4@b232984-987@dG891.2@e117 | |
| 奇趣象棋排局谱/李更,任云著.-北京:中国青年出版社,1990.08 |
| 192页;19cm |
| ISBN 7-5006-0710-5:CNY3.00 |
| ● |
| 相关链接 |
|
|
|
|
正题名:奇趣象棋排局谱
索取号:G891.2/117
 
预约/预借
| 序号 | 登录号 | 条形码 | 馆藏地/架位号 | 状态 | 备注 |
| 1 | 0232984 | 000305672 | 密集书库/ [索取号:G891.2/117] | 在馆 | |
| 2 | 0232985 | 000305654 | 密集书库/ [索取号:G891.2/117] | 在馆 | |
| 3 | 0232986 | 000305663 | 密集书库/ [索取号:G891.2/117] | 在馆 | |
| 4 | 0232987 | 000305681 | 密集书库/ [索取号:G891.2/117] | 在馆 | |
| 5 | 0232988 | 000305725 | 第一样本阅览室/ [索取号:G891.2/117] | 在馆 |